Presse et démocratie en Afrique francophone : les mots et les maux de la transition au Bénin et au Niger /
Saved in:
| Main Author: | |
|---|---|
| Format: | Book |
| Language: | French |
| Published: |
Paris :
Editions Karthala,
c2000.
|
| Series: | Hommes et sociétés.
|
| Subjects: | |
| Tags: |
Add Tag
No Tags, Be the first to tag this record!
|
| LEADER | 01715cam a2200421 a 4500 | ||
|---|---|---|---|
| 001 | 008468237-X | ||
| 005 | 20020606104010.5 | ||
| 008 | 000406s2000 fr a b 000 0 fre | ||
| 010 | |a 00359347 | ||
| 020 | |a 2865378977 | ||
| 035 | 0 | |a ocm43912571 | |
| 040 | |a DLC |c DLC |d DLC | ||
| 043 | |a f-dm--- |a f-ng--- | ||
| 050 | 0 | 0 | |a DT541.845 |b .F74 2000 |
| 082 | 0 | 0 | |a 070.4/49324/096623 |2 21 |
| 100 | 1 | |a Frère, Marie-Soleil. | |
| 245 | 1 | 0 | |a Presse et démocratie en Afrique francophone : |b les mots et les maux de la transition au Bénin et au Niger / |c Marie-Soleil Frère ; préface de Patrick Quantin. |
| 260 | |a Paris : |b Editions Karthala, |c c2000. | ||
| 300 | |a 540 p. : |b ill. ; |c 24 cm. | ||
| 490 | 1 | |a Collection "Hommes et sociétés" | |
| 504 | |a Includes bibliographical references (p. [505]-533). | ||
| 650 | 0 | |a Democratization |z Benin. | |
| 650 | 0 | |a Democratization |z Niger. | |
| 650 | 0 | |a Democracy |z Benin. | |
| 650 | 0 | |a Democracy |z Niger. | |
| 650 | 0 | |a Press and politics |z Benin. | |
| 650 | 0 | |a Press and politics |z Niger. | |
| 650 | 0 | |a Freedom of the press |z Benin. | |
| 650 | 0 | |a Freedom of the press |z Niger. | |
| 651 | 0 | |a Benin |x Politics and government |y 1990- | |
| 651 | 0 | |a Niger |x Politics and government |y 1960- | |
| 651 | 0 | |a Benin |x Politics and government |y 1960- | |
| 651 | 0 | |a Niger |x Politics and government |y 1993- | |
| 776 | 0 | 8 | |i Online version: |a Frère, Marie-Soleil. |t Presse et démocratie en Afrique francophone. |d Paris : Editions Karthala, ©2000 |w (OCoLC)606351052 |
| 776 | 0 | 8 | |i Online version: |a Frère, Marie-Soleil. |t Presse et démocratie en Afrique francophone. |d Paris : Editions Karthala, ©2000 |w (OCoLC)607840747 |
| 830 | 0 | |a Hommes et sociétés. | |
| 988 | |a 20020608 | ||
| 906 | |0 DLC | ||


